Krishna's advanced organic chemistry for Honours and post graduate students of all Indian universities / (Record no. 51916)

MARC details
000 -LEADER
fixed length control field 00963nam a22002897a 4500
005 - DATE AND TIME OF LATEST TRANSACTION
control field 20110426164827.0
008 - FIXED-LENGTH DATA ELEMENTS--GENERAL INFORMATION
fixed length control field 110426t xxu||||| |||| 00| 0 eng d
010 ## - LCCN (DPL NO)
LC control number ENG-102315
020 ## - INTERNATIONAL STANDARD BOOK NUMBER
International Standard Book Number 9788182830783
Terms of availability 360.00
020 ## - INTERNATIONAL STANDARD BOOK NUMBER
International Standard Book Number 8182830788
Terms of availability 360.00
035 ## - SYSTEM CONTROL NUMBER
System control number EN-85848
037 ## - SOURCE OF ACQUISITION
Source of stock number/acquisition DBAD/PUB
040 ## - CATALOGING SOURCE
Original cataloging agency dpl
Language of cataloging Eng
082 ## - DEWEY DECIMAL CLASSIFICATION NUMBER
Classification number 547
100 ## - MAIN ENTRY--PERSONAL NAME
9 (RLIN) 27456
Personal name Sangal, Aditi
245 ## - TITLE STATEMENT
Title Krishna's advanced organic chemistry for Honours and post graduate students of all Indian universities /
Statement of responsibility, etc by Aditi Sangal
260 ## - PUBLICATION, DISTRIBUTION, ETC. (IMPRINT)
Place of publication, distribution, etc Meerut
Name of publisher, distributor, etc Krishna Prakashan Media
Date of publication, distribution, etc 2010
270 ## - ADDRESS
Address 11, Shivaji Road
City Meerut
Postal code 250001
Electronic mail address info@krishnaprakashan.com
300 ## - PHYSICAL DESCRIPTION
Extent V.1(xvi, 720) p.
Dimensions 24cm (pbk)
610 ## - SUBJECT ADDED ENTRY--CORPORATE NAME
9 (RLIN) 27464
650 ## - SUBJECT ADDED ENTRY--TOPICAL TERM
9 (RLIN) 27465
651 ## - SUBJECT ADDED ENTRY--GEOGRAPHIC NAME
9 (RLIN) 27466
700 ## - ADDED ENTRY--PERSONAL NAME
9 (RLIN) 27451
710 ## - ADDED ENTRY--CORPORATE NAME
9 (RLIN) 27453
942 ## - ADDED ENTRY ELEMENTS (KOHA)
Source of classification or shelving scheme Dewey Decimal Classification
Item type English Books
Classification part 547
Call number suffix SAN
Holdings
Withdrawn status Lost status Source of classification or shelving scheme Damaged status Not for loan Collection code Home library Current library Date acquired Source of acquisition Cost, normal purchase price Total Checkouts Full call number Barcode Date last seen Copy number Cost, replacement price Koha item type
    Dewey Decimal Classification   Not For Loan Non-fiction D.B.Act.Division D.B.Act.Division 26/04/2011 DBAD/PUB 360.00   547 SAN EN-85848 26/04/2011 1 360.00 English Books

© Delhi Public Library
Hit Counter
free hit counter